| 000 | 00630nam a22001937a 4500 | ||
|---|---|---|---|
| 005 | 20260224121237.0 | ||
| 008 | 260224b |||||||| |||| 00| 0 eng d | ||
| 020 | _a9781975168155 | ||
| 050 |
_aRT41 _b.T49 2023 |
||
| 100 | _aTaylor, Carol | ||
| 245 |
_aFundamentals of nursing : _b the art and science of person-centered care / _cTenth edition. |
||
| 250 | _aTenth edition. | ||
| 260 |
_a Philadelphia, PA : _bWolters Kluwer, _c2023. |
||
| 300 |
_a xxxvii, 1863 pages : _b ill.; _c29 cm |
||
| 500 | _aIncludes bibliographical references and index. | ||
| 650 | _aNursing Care | ||
| 650 | _aNursing Process | ||
| 942 |
_2lcc _cBK |
||
| 999 |
_c60210 _d60210 |
||